00321nam a2200109Ia 4500008004100000020001500041100002000056245006600076260001700142500002400159650002800183230524s9999 xx 000 0 und d a8122306634 aMerril Douglass 0aSuccess Secrets: A Common Sense Guide to Lifelong Achievement bPustak Mahal aQuantity Number: 1 aPersonality Development